000 00649nam a2200241Ia 4500
003 OSt
005 20221005114056.0
006 a|||||r|||| 00| 0
007 ta
008 221004b |||||||| |||| 00| 0 eng d
024 _a62722
037 _cTextual
040 _aCRL
_cCRL
_beng
041 _2eng
_aeng
082 _aS:B28, K1
100 _aMaxwell A E
_9496799
245 0 _aAnalysing qualitative data
260 _c1961
490 _aMethuen's monographs on applied probability and statistics, ed by Maurice Hartlett
650 _aPSYCHOLOGY
942 _hS:B28, K1
_cTEXL
_2cc
999 _c1030167
_d1030167